Foundations of behavioral research / (Record no. 4)
[ view plain ]
| 000 -LEADER | |
|---|---|
| fixed length control field | 00539cam a22001932 4500 |
| 001 - CONTROL NUMBER | |
| control field | 0000000055 |
| 005 - DATE AND TIME OF LATEST TRANSACTION | |
| control field | 20151021151037.0 |
| 008 - FIXED-LENGTH DATA ELEMENTS--GENERAL INFORMATION | |
| fixed length control field | 070109s xx 000 0 eng d |
| 020 ## - INTERNATIONAL STANDARD BOOK NUMBER | |
| Terms of availability | $ |
| 040 ## - CATALOGING SOURCE | |
| Original cataloging agency | KABU |
| Transcribing agency | KABU |
| 100 1# - MAIN ENTRY--PERSONAL NAME | |
| Personal name | Kerlinger, Fred N. |
| -- | 0000148035 |
| 245 10 - TITLE STATEMENT | |
| Title | Foundations of behavioral research / |
| Statement of responsibility, etc. | Fred N. Kerlinger. |
| 250 ## - EDITION STATEMENT | |
| Edition statement | 2nd ed. |
| 260 ## - PUBLICATION, DISTRIBUTION, ETC. (IMPRINT) | |
| Place of publication, distribution, etc. | Delhi : |
| Name of publisher, distributor, etc. | S.S. Chandra, |
| Date of publication, distribution, etc. | 1973. |
| 300 ## - PHYSICAL DESCRIPTION | |
| Extent | xx, 741 p ; |
| Dimensions | cm. |
| 908 ## - PUT COMMAND PARAMETER (RLIN) | |
| Put command parameter | 070109 |
| 950 ## - LOCAL HOLDINGS (RLIN) | |
| -- | 1 |
| Withdrawn status | Lost status | Source of classification or shelving scheme | Not for loan | Home library | Current library | Date acquired | Total Checkouts | Full call number | Barcode | Date last seen | Price effective from | Koha item type |
|---|---|---|---|---|---|---|---|---|---|---|---|---|
| Library of Congress Classification | Kabarak, Nakuru City Campus | Kabarak, Nakuru City Campus | 21/10/2015 | BF76.5 .K47 1973 | 005369 | 21/10/2015 | 21/10/2015 | General Collection |